| 000 | 01420nam a22002891 4500 | ||
|---|---|---|---|
| 001 | hew66000007 | ||
| 003 | DLC | ||
| 005 | 20260227111514.0 | ||
| 008 | 800124s1965 dcu b 10000 eng c | ||
| 010 | _ahew66000007 | ||
| 040 | _aU.S. Dept. of Health, Education, and Welfare. Library | ||
| 043 | _an-us--- | ||
| 050 | 0 |
_aHQ796 _b.B79 |
|
| 082 | _a301.35 | ||
| 100 | 1 | 0 |
_aBurchinal, Lee G. _eed. |
| 245 | 1 | 0 | _aRural youth in crisis: facts, myths, and social change. |
| 260 | 0 |
_aWashington, _bU.S. Dept. of Health, Education, and Welfare, Welfare Administration, Office of Juvenile Delinquency and Youth Development; [for sale by the Superintendent of Documents. U.S. Govt. Print. Off., _c1965] |
|
| 300 |
_ax, 401 p. _c23 cm. |
||
| 500 | _a"JD-3001-1965." | ||
| 500 | _a"Prepared for the National Committee for Children and Youth." | ||
| 500 | _a"Condensed version of a collection of papers originally prepared as background information for the 'Conference on Problems of Rural Youth in a Changing Environment' ... held at Stillwater, Okla., September 22-25, 1963." | ||
| 504 | _aIncludes bibliographies. | ||
| 650 | 0 |
_aRural youth _zUnited States. |
|
| 710 | 2 | 0 | _aNational Committee for Children and Youth. |
| 710 | 1 | 0 |
_aUnited States. _bOffice of Juvenile Delinquency and Youth Development. |
| 711 | 2 | 0 |
_aNational Conference on Problems of Rural Youth in a Changing Environment, _cStillwater, Okla., _d1963. |
| 999 |
_c34577 _d34577 |
||